000 01337nab a22003017a 4500
999 _c6379
_d6379
003 OSt
005 20260201150705.0
008 190506c xxu||||| |||| 00| 0 spa d
040 _cPJ
100 _97021
_aMelogno, Carla
245 1 3 _aLa importancia del delegado gremial :
_bdesafíos ante la crisis por la pandemia del COVID-19 y la nueva normalidad /
_cCarla Melogno, Lucas Olabarriaga.
260 _aBuenos Aires :
_bAbeledoPerrot,
_c2023.
300 _ap. 18-22
500 _aCita: TR LALEY AR/DOC/1467/2023
505 _aSumario: I. Introducción.— II. El rol protagónico del delegado.— IV. La representación sindical en el marco de la excepcionalidad.— V. Conclusión.— VI. Bibliografía.
505 _t¿Te interesa el texto completo? Comunicate al correo: koha@justierradelfuego.gov.ar
650 0 _91316
_aDERECHO LABORAL
650 0 _95233
_aPANDEMIA
650 0 _94564
_aDERECHO DE HUELGA
650 0 _91367
_aASOCIACIONES SINDICALES
650 0 _9615
_aDERECHOS Y GARANTIAS CONSTITUCIONALES
650 0 _91369
_aDELEGADO GREMIAL
650 0 _91461
_aLIBERTAD SINDICAL
650 0 _94583
_aDERECHOS SINDICALES
700 _97022
_aOlabarriaga, Lucas
773 0 _02751
_93202
_dBuenos Aires : AbeledoPerrot, 2013-
_tRevista de derecho laboral y seguridad social. Nº 15- Agosto 2023
942 _2udc
_cANA